000 00221nam a2200085Ia 4500
245 0 _aNone but the brave
100 _a CHAMBERS, Joy London, 2003
_9112498
942 _cBK
008 210825s9999 xx 000 0 und d
999 _c515997
_d515996